Geography by Letter on the World Map - Q - Statistics

General Stats
  • This quiz has been taken 835 times
  • The average score is 6 of 12
Answers on the Map
Answers color-coded by a green-red scale on the quiz's map according to % correct below.
 
Answer Stats
Answer % Correct
Quebec
94%
Queensland
94%
Quito
89%
Qatar
88%
Qom
45%
Quezon City
44%
Qingdao
40%
Quetta
29%
Quimper
27%
Quincy
25%
Quintana Roo
23%
Qingcheng
1%
No matching quizzes found
Score Distribution
Percent of People with Each Score
Percentile by Number Answered
Your Score History
You have not taken this quiz